Návrh objektu na zhodnocovanie biologického odpadu

Guardado en:
Detalles Bibliográficos
Autor principal: Móroczová, Cecília, 1985- (Autor)
Otros Autores: Horanová, Ľubomíra, 1959- (Orientador)
Formato: Manuscrito Libro
Lenguaje:inglés
Publicado: Bratislava : STU v Bratislave SvF, 2010
Materias:
Acceso en línea:VAIS
Etiquetas: Agregar Etiqueta
Sin Etiquetas, Sea el primero en etiquetar este registro!

MARC

LEADER 00000ntm a22000003a 4500
001 stu216530
005 20160721135506.2
008 101116s2010----xo------------------eng-d
040 |a STU  |b slo 
041 0 |a eng 
044 |a xo 
100 1 |a Móroczová, Cecília,  |d 1985-  |4 aut  |X 28345  |7 A000028345 
242 0 0 |a Application of facility for material appreciation of biologically decomposable waste  |y eng 
245 1 |a Návrh objektu na zhodnocovanie biologického odpadu 
260 |a Bratislava :  |b STU v Bratislave SvF,  |c 2010 
650 7 |a krajinárstvo a krajinné plánovanie  |2 stusub 
650 7 |a Landscaping and Landscape Planning  |2 estusub 
650 7 |a kompostovanie  |2 stusub 
650 7 |a bioodpad  |2 stusub 
650 7 |a zhodnocovanie  |2 stusub 
650 7 |a appreciation  |2 estusub 
700 1 |a Horanová, Ľubomíra,  |d 1959-  |4 ths  |u V280  |U SvF Stavebná fakulta  |T SvF Katedra zdravotného inžinierstva  |X 903  |U V280  |Y 29  |7 A000000903 
856 4 |a info a plný text  |u http://is.stuba.sk/zp/portal_zp.pl?podrobnosti=72518  |3 VAIS